"Hallo" in verschiedenen Sprachen - Statistiken

Allgemein
  • Dieses Quiz wurde 572 mal gespielt
  • Das Durchschnittsergebnis liegt bei 9 aus 20
Antwortstatistiken
Hint Antwort % Korrekt
Hallo Deutsch
89%
Hello Englisch
89%
Bonjour Französisch
89%
Привет
Privet
Russisch
85%
Hola Spanisch
81%
こんにちは
Kon'nichiwa
Japanisch
73%
مرحبًا
mrhban
Arabisch
61%
Merhaba Türkisch
58%
Olá Portugiesisch
56%
नमस्ते
namaste
Hindi
49%
你好
Nǐ hǎo
Mandarin
45%
nei hou (spoken) Yue-Chinesisch (Kantonesisch)
36%
Xin chào Vietnamesisch
24%
How nah? Nigerianisches Pidgin
18%
வணக்கம்
Vaṇakkam
Tamil
17%
হ্যালো
Hyālō
Bengalisch
15%
Halo Indonesisch
13%
ہیلو Urdu
13%
హలో
Halō
Telugu
12%
नमस्कार
Namaskāra
Marathi
9%
Keine übereinstimmenden Quizze gefunden
Verteilung der Resultate
Anzahl Personen mit jedem Resultat
Perzentil nach korrekt beantworteten Fragen
Ihre Resultats-Entwicklung
Sie haben dieses Quiz noch nicht gespielt